<?xml version="1.0" encoding="UTF-8"?>
<record
    xmlns:xsi="http://www.w3.org/2001/XMLSchema-instance"
    xsi:schemaLocation="http://www.loc.gov/MARC21/slim http://www.loc.gov/standards/marcxml/schema/MARC21slim.xsd"
    xmlns="http://www.loc.gov/MARC21/slim">

  <leader>01929nam a22002297a 4500</leader>
  <controlfield tag="005">20220221091843.0</controlfield>
  <controlfield tag="008">220216b           ||||| |||| 00| 0 eng d</controlfield>
  <datafield tag="020" ind1=" " ind2=" ">
    <subfield code="a">9781398512399</subfield>
  </datafield>
  <datafield tag="040" ind1=" " ind2=" ">
    <subfield code="c">AL</subfield>
  </datafield>
  <datafield tag="041" ind1=" " ind2=" ">
    <subfield code="a">English</subfield>
  </datafield>
  <datafield tag="082" ind1=" " ind2=" ">
    <subfield code="2">23</subfield>
    <subfield code="b">BYRS</subfield>
    <subfield code="a">158.1</subfield>
  </datafield>
  <datafield tag="100" ind1=" " ind2=" ">
    <subfield code="a">Rhonda Byrne</subfield>
    <subfield code="9">21314</subfield>
  </datafield>
  <datafield tag="245" ind1=" " ind2=" ">
    <subfield code="a">Secret to Love Health and Money: A Masterclass</subfield>
  </datafield>
  <datafield tag="260" ind1=" " ind2=" ">
    <subfield code="a">London</subfield>
    <subfield code="b">Simon and Schuster</subfield>
    <subfield code="c">2022</subfield>
  </datafield>
  <datafield tag="300" ind1=" " ind2=" ">
    <subfield code="a">xi,339 p.</subfield>
    <subfield code="b">PB</subfield>
    <subfield code="c">21x13 cm.</subfield>
  </datafield>
  <datafield tag="365" ind1=" " ind2=" ">
    <subfield code="a">BLCR-000122</subfield>
    <subfield code="b">&#x20B9;559.20</subfield>
    <subfield code="c">&#x20B9;</subfield>
    <subfield code="d">&#x20B9;699.00</subfield>
    <subfield code="e">20%</subfield>
    <subfield code="f">15-02-2022</subfield>
  </datafield>
  <datafield tag="520" ind1=" " ind2=" ">
    <subfield code="a">This in-depth master class from the author of the groundbreaking bestseller The Secret illustrates how to apply the law of attraction to three of life&#x2019;s most important areas: relationships, health, and money.
Discover how to achieve personal happiness, wellbeing, and success with this collection of lessons, advice, and case studies from the bestselling author of the Secret series Rhonda Byrne. In the first part, she further explores the power of positive thoughts and how we can use the creative process to attract and maintain new and healthier relationships.
The second part offers in-depth lessons that will help you apply the law of attraction to your health and physical wellbeing, featuring inspiring anecdotes from those who have used The Secret to overcome health crises such as cancer, chronic pain, depression, and more.
Finally, learn how to improve your relationship with money by discovering the power you have to bring money into your life. From job hunting to adopting a wealth mindset, Byrne provides all that you need to achieve prosperity and professional success.
With these impactful and accessible processes, you will experience firsthand a powerful transformation across all aspects of your life&#x2014;for the better.</subfield>
  </datafield>
  <datafield tag="650" ind1=" " ind2=" ">
    <subfield code="a">Body, Mind and Spirit</subfield>
    <subfield code="9">20218</subfield>
  </datafield>
  <datafield tag="650" ind1=" " ind2=" ">
    <subfield code="a">Inspiration and Personal Growth</subfield>
    <subfield code="9">20219</subfield>
  </datafield>
  <datafield tag="700" ind1=" " ind2=" ">
    <subfield code="a">BYRNE (Rhonda)</subfield>
    <subfield code="9">20220</subfield>
  </datafield>
  <datafield tag="942" ind1=" " ind2=" ">
    <subfield code="2">ddc</subfield>
    <subfield code="c">BK</subfield>
  </datafield>
  <datafield tag="999" ind1=" " ind2=" ">
    <subfield code="c">221520</subfield>
    <subfield code="d">221520</subfield>
  </datafield>
  <datafield tag="952" ind1=" " ind2=" ">
    <subfield code="0">0</subfield>
    <subfield code="1">0</subfield>
    <subfield code="2">ddc</subfield>
    <subfield code="4">0</subfield>
    <subfield code="7">0</subfield>
    <subfield code="8">OTH</subfield>
    <subfield code="a">AL</subfield>
    <subfield code="b">AL</subfield>
    <subfield code="d">2022-02-16</subfield>
    <subfield code="e">NavaKarnataka Publications Pvt.Ltd</subfield>
    <subfield code="g">559.20</subfield>
    <subfield code="l">4</subfield>
    <subfield code="o">158.1 BYRS</subfield>
    <subfield code="p">075459</subfield>
    <subfield code="r">2023-09-18 00:00:00</subfield>
    <subfield code="s">2023-09-07</subfield>
    <subfield code="v">699.00</subfield>
    <subfield code="w">2022-02-16</subfield>
    <subfield code="y">BK</subfield>
  </datafield>
</record>
